| 000 | 00400nac a22001451u 4500 | ||
|---|---|---|---|
| 090 | _c3682 | ||
| 008 | 081012t xxu||||| |||| 00| 0 eng d | ||
| 020 | _a9773161005 | ||
| 082 |
_a813 _bMAH |
||
| 245 |
_aالمرايا / _cنجيب محفوظ . |
||
| 260 |
_aالقاهرة : _bمكتبة مصر , [19?] _c[19?] |
||
| 300 |
_a321 ص ; _c16 سم . |
||
| 500 | _aArabic books. | ||
| 942 |
_cBB _k813MAH _2ddc |
||
| 999 |
_c3682 _d3682 |
||